000 00361 a2200157 4500
001 175829
020 _a
040 _cMagnum
100 _aIacocca, Liliana
240 1 0 _aFoom foom: um barulho da cidade
_lpor
245 1 0 _aFoom foom: um barulho da cidade
362 0 _a1899
440 1 _aÁtica
697 _aMAGNITO: I/SOCIEDADE, COTIDIAN
942 _cBK
999 _c175829
_d175829